FIFA 22 POTMs - Statistics

General Stats
  • This quiz has been taken 37 times
    32 since last reset
  • The average score is 18 of 52
Answer Stats
Group Month Rating Position Answer % Correct
Premier League October 92 RW Mohamed Salah
86%
Premier League September 92 ST Cristiano Ronaldo
81%
Premier League April 94 ST Cristiano Ronaldo
81%
La Liga September 91 CF Karim Benzema
81%
La Liga April 94 CF Karim Benzema
81%
Ligue 1 February 94 ST Kylian Mbappé
81%
Premier League November 89 RB Trent Alexander-Arnold
81%
La Liga February 91 GK Thibaut Courtois
76%
Premier League January 87 GK David de Gea
71%
Premier League March 93 ST Harry Kane
67%
Bundesliga January 91 CAM Thomas Müller
62%
Bundesliga November 86 LB Alphonso Davies
52%
Premier League December 91 LW Raheem Sterling
52%
Bundesliga October 88 CAM Christopher Nkunku
48%
Bundesliga February 90 CF Christopher Nkunku
48%
Bundesliga March 91 ST Christopher Nkunku
48%
Bundesliga April 92 ST Christopher Nkunku
48%
La Liga November 87 LW Vinícius Júnior
43%
Bundesliga August 88 ST Erling Haaland
38%
Premier League February 86 CB Joël Matip
38%
Serie A April 88 CDM Marcelo Brozović
33%
Ligue 1 January 88 ST Wissam Ben Yedder
33%
Serie A September 88 CB Kalidou Koulibaly
29%
Ligue 1 March 86 LW Martin Terrier
29%
La Liga October 84 CB Robin Le Normand
29%
Serie A December 87 ST Dušan Vlahović
24%
Bundesliga September 86 CAM Florian Wirtz
24%
Ligue 1 November 87 ST Gaëtan Laborde
24%
La Liga December 86 LM Juanmi
24%
Serie A March 87 ST Victor Osimhen
24%
Serie A November 86 CM Hakan Çalhanoglu
19%
La Liga March 87 ST João Félix
19%
Premier League August 78 ST Michail Antonio
19%
Serie A May 87 CM Sandro Tonali
19%
Ligue 1 September 86 CM Seko Fofana
19%
Ligue 1 December 87 CAM Téji Savanier
19%
La Liga January 87 ST Ángel Correa
14%
Ligue 1 April 88 RW Benjamin Bourigeaud
14%
Serie A January 83 CAM Giacomo Raspadori
14%
Serie A October 87 ST Giovanni Simeone
14%
Eredivisie September 82 CAM Guus Til
14%
Eredivisie November 84 CDM Ibrahim Sangaré
14%
Eredivisie December 84 LW Jesper Karlsson
14%
Ligue 1 October 86 ST Lucas Paquetá
14%
Bundesliga December 86 ST Patrick Schick
14%
Eredivisie April 84 CAM Davy Klaassen
10%
Eredivisie May 82 ST Loïs Openda
10%
Eredivisie March 86 ST Eran Zahavi
5%
Eredivisie October 81 CDM Luuk Brouwers
5%
Eredivisie January 86 CM Orkun Kökçü
5%
Eredivisie February 88 CM Orkun Kökçü
5%
Serie A February 87 CF Ruslan Malinovskyi
5%
No matching quizzes found
Score Distribution
Percent of People with Each Score
Percentile by Number Answered
Your Score History
You have not taken this quiz since the last reset